000 00358nam a22001217a 4500
999 _c13584
_d13584
082 _a297.6
100 _aمولانا امیر الدین مہر
245 _aتعمیر معاشرہ میں مسجد کا کردار
260 _aکراچی
_bالنور پبلیکیشنز
_c٢٠٠٥
300 _a٢٤٠ صفحات
650 _aMasjid, Society
942 _cBK